| 000 | 00000nas 2200000za 4500 |
| 001 | 9.512371 |
| 003 | CaOODSP |
| 005 | 20250910142444 |
| 007 | ta |
| 008 | 150406c20129999oncqr p #||||f0 b0fre|d |
| 022 | |a1927-7601 |
| 040 | |aCaOODSP|bfre |
| 041 | |afre|aeng |
| 043 | |an-cn--- |
| 086 | 1 |aD12-16 |
| 222 | 4|aThe Royal Canadian Air Force journal |
| 245 | 03|aLa revue de l'Aviation royale canadienne / |cProduit par les Centre de guerre aérospatiale des Forces canadiennes. |
| 246 | 15|aRoyal Canadian Air Force journal |
| 260 | |aTrenton - Ontario : |bCentre de guerre aérospatiale des Forces canadiennes, Défense nationale |
| 310 | |aTrimestriel |
| 362 | 1 |aParaît depuis le v. 1, no 1 (hiver 2012). |
| 515 | |aLa livr. d'hiver 2012 désignée Premier numéro. |
| 520 | 3 |aIl s’agit d’un forum pour discuter de concepts, de questions et d’idées qui sont essentielles à la puissance aérospatiale. Conçue pour diffuser les idées et opinions non seulement du personnel de la Force aérienne, mais aussi des civils qui s’intéressent aux questions relatives à la puissance aérospatiale. |
| 546 | |aTexte en français et en anglais disposé tête-bêche. |
| 691 | 07|aArmée|2gcpds |
| 691 | 07|aÉthique|2gcpds |
| 691 | 07|aFormation professionnelle|2gcpds |
| 710 | 1 |aCanada. |bMinistère de la défense nationale. |
| 776 | 0#|tLa revue de l'Aviation royale canadienne |w(CaOODSP)9.503251 |
| 791 | |tThe Royal Canadian Air Force journal / |eeng|w(CaOODSP)9.512370 |